New Zealand Slang - Statistics

General Stats
  • This quiz has been taken 215 times
    171 since last reset
  • The average score is 13 of 22
Answer Stats
Hint Answer % Correct
Fries Chips
95%
Swimsuit Togs
88%
The convenience store Dairy
84%
Summer shoes Jandals
84%
A holiday home Bach
80%
Cousin, family Cuz
77%
A cooler Chilly bin
76%
Sweet potato Kumara
76%
Good, ok, cool Sweet as
75%
Candy Lolly
72%
Cheers or thanks Chur
64%
Afternoon Arvo
61%
The middle of nowhere Wop-wops
61%
Wellingtons Gummies
60%
Exhausted, tired Knackered
52%
Very short pants worn by men Stubbies
38%
Have a conversation, to talk Yack
34%
Scenic tour, the long route Tiki tour
28%
Take a quick look Squiz
23%
Young adult driving fast Hoon
21%
Bad smell, stink Pong
14%
Clown, silly person Wally
1%
No matching quizzes found
Score Distribution
Percent of People with Each Score
Percentile by Number Answered
Your Score History
You have not taken this quiz since the last reset